Statistiques concernant QUIZ-Capitales d'Amérique avec les noms des pays

Cliquez ici pour prendre le quiz!

Statistiques générales

  • Ce quiz a été pris 804 fois
  • Le résultat moyen est 23 sur 35

Statistiques - réponses

PaysCapitale% Correct
MexiqueMexico
97%
États-UnisWashington
95%
CanadaOttawa
94%
BrésilBrasilia
93%
ArgentineBuenos Aires
91%
PanamáPanamá
87%
PérouLima
83%
ChiliSantiago
82%
EquateurQuito
80%
ColombieBogotá
79%
UruguayMontevideo
79%
BolivieSucre
79%
CubaLa Havane
76%
SalvadorSan Salvador
74%
GuatemalaGuatemala
71%
VenezuelaCaracas
69%
ParaguayAsunción
68%
Costa RicaSan José
67%
République DominicaineSaint-Domingue
65%
JamaïqueKingston
63%
Saint-Vincent-et-les-GrenadinesKingstown
63%
HaitiPort-au-Prince
63%
NicaraguaManagua
58%
GuyanaGeorgetown
55%
HondurasTegucigalpa
54%
BelizeBelmopan
50%
SurinameParamaribo
49%
BahamasNassau
47%
Trinité-et-TobagoPort-d'Espagne
39%
DominiqueRoseau
36%
Antigua-et-BarbudaSaint John's
35%
GrenadeSaint-Georges
34%
Sainte-LucieCastries
31%
Saint-Christophe-et-NiévèsBasseterre
30%
BarbadeBridgetown
30%

Distribution des résultats

Percentile par nombre de réponses

% des personnes avec chaque résultat

Votre développement - résultats

Vous n’avez pas pris ce quiz